Κατάλογος Βιβλιοθηκών Mediterranean College

Θέατρο ζωής : (Record no. 9806)

MARC details
000 -LEADER
fixed length control field 03756nam a2200289 4500
003 - ΤΑΥΤΟΤΗΤΑ ΤΟΥ ΑΡΙΘΜΟΥ ΕΛΕΓΧΟΥ
Πεδίο ελέγχου GR-AtMCL
005 - ΗΜΕΡΟΜΗΝΙΑ ΚΑΙ ΩΡΑ ΤΕΛΕΥΤΑΙΑΣ ΕΝΗΜΕΡΩΣΗΣ
Πεδίο ελέγχου 20250707130130.0
008 - FIXED-LENGTH DATA ELEMENTS--GENERAL INFORMATION
Πεδίο ελέγχου σταθερού μήκους 250707b |||||||| |||| 00| 0 eng d
020 ## - ISBN
ISBN 9789609661553
040 ## - ΠΗΓΗ ΚΑΤΑΛΟΓΟΓΡΑΦΗΣΗΣ
Φορέας πρωτότυπης καταλογογράφησης
Γλώσσα καταλογογράφησης Ελληνικά, Μοντέρνα (1453-)
Modifying agency MC Athens Campus Library
041 1# - ΓΛΩΣΣΑ
Κωδικός γλώσσας πρωτότυπου Αγγλικά
100 1# - MAIN ENTRY--PERSONAL NAME
Personal name Emunah, Renée
Σχέση Συγγραφέας
9 (RLIN) 352222
240 10 - ΟΜΟΙΟΜΟΡΦΟΣ ΤΙΤΛΟΣ
Ομοιόμορφος τίτλος Acting for real.
Language of a work Ελληνικά
245 10 - ΤΙΤΛΟΣ ΚΑΙ ΔΗΛΩΣΗ ΥΠΕΥΘΥΝΟΤΗΤΑΣ
Τίτλος Θέατρο ζωής :
Remainder of title δραματοθεραπευτική διαδικασία, τεχνικές και παράσταση /
Statement of responsibility, etc. Renée Emunah ; μετάφραση Δήμητρα Σακελλαρίου-Ραμπαούνη ; επιστημονική επιμέλεια Δώρα Δεδέσκη
250 ## - EDITION STATEMENT
Edition statement 1η έκδοση
264 #1 - PRODUCTION, PUBLICATION, DISTRIBUTION, MANUFACTURE, AND COPYRIGHT NOTICE
Place of production, publication, distribution, manufacture Πινακάτες Πηλίου, Βόλος :
Name of producer, publisher, distributor, manufacturer Εκδόσεις Κοντύλι,
Date of production, publication, distribution, manufacture, or copyright notice 2023
300 ## - PHYSICAL DESCRIPTION
Extent 543 σελίδες ;
Διαστάσεις 24 εκ.
336 ## - CONTENT TYPE
Content type term κείμενο
Content type code txt
500 ## - GENERAL NOTE
Γενική σημείωση Το κείμενο είναι μεταφραμένο από τα αγγλικά
520 ## - SUMMARY, ETC.
Summary, etc. Η πρώτη μου εμπειρία στη δραματοθεραπεία έλαβε χώρα σ' ένα κρατικό ψυχιατρικό νοσοκομείο (παλαιότερα ονομαζόταν φρενοκομείο). Η δραματοθεραπεία δεν ήταν ακόμα αναγνωρισμένο πεδίο στη χώρα (και δε θα ήταν για τα επόμενα επτά χρόνια). Μόνο κάποια χρόνια αργότερα, όταν άκουσα τον όρο να χρησιμοποιείται επίσημα, ανακάλυψα πως το επάγγελμα του δραματοθεραπευτή αναγνωριζόταν στην Αγγλία, όπου και τελικά σπούδασα. Ήταν σ' αυτό το Κρατικό Νοσοκομείο, στο πλαίσιο μιας θέσης σπουδών πανεπιστημιακού έργου, που ανακάλυψα για τον εαυτό μου τη μεταμορφωτική δύναμη του δράματος. Ήμουν 19 ετών.<br/>Ξεσηκωμένοι από τις πολύχρωμες αφίσες καλέσματος, που κρέμασα σ' όλους τους διαδρόμους του νοσοκομείου για να προωθήσω το θεατρικό εργαστήρι, χρόνιοι καταθλιπτικοί, ληθαργικοί ασθενείς, που υφίσταντο ηλεκτροσόκ, περιφέρονταν μέσα στο αμφιθέατρο όπου λάμβαναν χώρα οι συνεδρίες. Στη διάρκεια μιας ώρας, απελευθερωμένοι από τον ρόλο τους ως ασθενών μέσα από τον θεατρικό τρόπο, εξέθεσαν πλευρές του εαυτού τους που κανείς μέσα στο νοσοκομείο δεν είχε δει μέχρι τότε. Ασθενείς που θεωρούνταν αποσυρμένοι επικοινωνούσαν με ενθουσιασμό με άλλους. Αυτοί, που "κανονικά" ορίζονταν ως άνθρωποι με ελάχιστη συναισθηματική επίδραση, εκφράζονταν με κέφι. Ασθενείς που αντιμετωπίζονταν ως άνθρωποι χωρίς κίνητρο και υπευθυνότητα έρχονταν με την αλήθεια τους σε κάθε συνεδρία.
650 #7 - SUBJECT ADDED ENTRY--TOPICAL TERM
Topical term or geographic name entry element Θέατρο
General subdivision Θεραπευτική χρήση
650 #0 - SUBJECT ADDED ENTRY--TOPICAL TERM
Topical term or geographic name entry element Δραματοθεραπεία
9 (RLIN) 9848
700 1# - ΠΡΟΣΘΕΤΗ ΑΝΑΓΡΑΦΗ--ΦΥΣΙΚΟ ΠΡΟΣΩΠΟ
Personal name Σακελλαρίου-Ραμπαούνη, Δήμητρα
Σχέση Μεταφραστής
700 1# - ΠΡΟΣΘΕΤΗ ΑΝΑΓΡΑΦΗ--ΦΥΣΙΚΟ ΠΡΟΣΩΠΟ
Personal name Δεδέσκη, Δώρα
Σχέση Επιμελητής
942 ## - ADDED ENTRY ELEMENTS (KOHA)
Koha item type Books
Source of classification or shelving scheme Δεκαδική Ταξινόμηση Dewey
Holdings
Τύπος τεκμηρίου Βιβλιοθήκη Τρέχουσα τοποθεσία Barcode Αριθμός εισαγωγής Ημερομηνία απόκτησης Ταξιθετικό σύμβολο Αριθμός αντιτύπου Κατάσταση απόσυρσης Κατάσταση χαμένου Κατάσταση κατεστραμμένου Μη δανεισμός Σύνολο δανεισμών Ημερομηνία τελευταίας εμφάνισης Η τιμή ισχύει από
Books MC Athens Campus Library MC Athens Campus Library 9780000097989 8103 07/07/2025 616.891523 EMU 1           07/07/2025 07/07/2025

MC Athens Campus Library
Πατησίων 94 & Κοδριγκτώνος 13, 104 34
Πελλήνης 8 & Πατησίων 107, 112 51
Τ: +30 210 8899600

MC Thessaloniki Campus Library
Ίωνος Δραγούμη 21, 54625 | Ίωνος Δραγούμη 15, 54625
Τ: +30 2310 287779 – Τ: +30 2314 440300